000 00670cam a22002413a 4500
001 1087
003 PGUSA
005 20140828082956.0
008 971001s1997||||xxu|||||s|||||000 1 eng d
040 _aPGUSA
_beng
042 _adc
050 4 _aPZ
100 1 _aRoth, Lewis
245 1 0 _aBaartock
_h[electronic resource] /
_cLewis Roth
260 _bProject Gutenberg,
_c1997
506 _aCopyrighted. Read the copyright notice inside this book for details.
516 _aElectronic text
653 _aFairy tales
653 _aTrolls -- Juvenile fiction
830 0 _aProject Gutenberg
_v1087
856 4 0 _uhttp://www.gutenberg.org/ebooks/1087
942 _cEB
999 _c230435
_d230435